Statistics for County Seats of Illinois

Click here to take the quiz!

General Stats

  • This quiz has been taken 337 times
  • The average score is 30 of 102

Answer Stats

CountyCounty Seat% Correct
CookChicago
85%
SangamonSpringfield
74%
ChampaignUrbana
73%
WinnebagoRockford
72%
PeoriaPeoria
70%
AlexanderCairo
69%
KankakeeKankakee
67%
McLeanBloomington
66%
WillJoliet
65%
Rock IslandRock Island
59%
LakeWaukegan
58%
EffinghamEffingham
56%
MaconDecatur
55%
AdamsQuincy
53%
VermilionDanville
47%
WilliamsonMarion
46%
JeffersonMount Vernon
43%
Jo DaviessGalena
42%
St. ClairBelleville
41%
DuPageWheaton
41%
MadisonEdwardsville
40%
KnoxGalesburg
39%
ColesCharleston
38%
DeWittClinton
36%
MorganJacksonville
36%
LoganLincoln
36%
LaSalleOttawa
36%
McDonoughMacomb
34%
MassacMetropolis
34%
DeKalbSycamore
33%
ShelbyShelbyville
32%
BondGreenville
29%
StephensonFreeport
28%
JerseyJerseyville
28%
ClarkMarshall
28%
BooneBelvidere
27%
KaneGeneva
27%
CalhounHardin
27%
GrundyMorris
27%
EdgarParis
27%
TazewellPekin
27%
McHenryWoodstock
27%
SalineHarrisburg
26%
FayetteVandalia
26%
RandolphChester
24%
LivingstonPontiac
24%
FranklinBenton
23%
LeeDixon
23%
JasperNewton
23%
ChristianTaylorville
23%
KendallYorkville
23%
LawrenceLawrenceville
22%
JacksonMurphysboro
22%
WhiteCarmi
21%
GreeneCarrollton
21%
WashingtonNashville
21%
FordPaxton
21%
CumberlandToledo
21%
ClayLouisville
20%
WabashMount Carmel
20%
RichlandOlney
20%
BureauPrinceton
20%
MarionSalem
20%
MonroeWaterloo
20%
IroquoisWatseka
20%
PopeGolconda
19%
PiattMonticello
19%
OgleOregon
19%
DouglasTuscola
19%
ClintonCarlyle
18%
CarrollMount Carroll
18%
CrawfordRobinson
18%
JohnsonVienna
18%
MontgomeryHillsboro
17%
PerryPinckneyville
17%
EdwardsAlbion
16%
HenryCambridge
16%
MacoupinCarlinville
16%
HancockCarthage
16%
HardinElizabethtown
16%
WoodfordEureka
16%
WayneFairfield
16%
UnionJonesboro
16%
WhitesideMorrison
16%
PulaskiMound City
16%
PikePittsfield
16%
SchuylerRushville
16%
ScottWinchester
16%
MasonHavana
15%
HamiltonMcLeansboro
15%
BrownMount Sterling
15%
GallatinShawneetown
15%
MoultrieSullivan
15%
MarshallLacon
14%
WarrenMonmouth
14%
HendersonOquawka
14%
CassVirginia
14%
MercerAledo
13%
PutnamHennepin
13%
FultonLewistown
13%
MenardPetersburg
13%
StarkToulon
13%

Score Distribution

Percentile by Number Answered

Percent of People with Each Score

Your Score History

You have not taken this quiz